Responses for show #556 - Monday, January 26, 1987

Contestants

Jim Crawford, a letter carrier from Seal Beach, California

Debora Flury-Kick, a bookstore manager from Baltimore, Maryland

Ursula Ziegler-Sullivan, a writer originally from Media, Pennsylvania (whose 1-day cash winnings total $14,100)

Jeopardy! Round responses

ANGELS
NEWSPAPERS
THE '30s
TRANSPORTATION
JUNK FOOD
"BALL" 1
    $100 13
the Mormon Church

Ursula
    $100 21
the Star

Jim
    $100 4
swing

Ursula
    $100 2
a hot dog

Debora
    $100 11
meatball

Debora
    $200 17
Gabriel

Ursula
    $200 22
(Alex: We've got a minute to go in the round.)

The Christian Science Monitor

Ursula
    $200 6
Andy Hardy

Debora
    $200 3
sugar

Jim
    $200 12
Lucille Ball

Debora
    $300 18
cherubim

Debora
    $300 23
The Wall Street Journal

Jim
    $300 7
Vice President

Debora
    $300 26
the Department of Transportation

Jim
    $300 1
rats

Triple Stumper
    $300 14
a snowball

Jim
    $400 19
(Debora: Who are Jeovah's Witnesses?)

Islam

Debora
Triple Stumper
    $400 24
Doonesbury

Debora
    $400 8
the Civilian Conservation Corps

Debora
    $500 27
(Jim: What is balloon?)
(Alex: The song is called, "Les Bicyclettes de Belsize", "The [*] of Belsize".)
...
[The end-of-round signal sounds and the song was not played going into the break.]

the bicycles

Jim
    $400 5
caffeine

Jim
    $400 15
the ballpoint pen

Triple Stumper
    $500 20
the angel played by Michael Landon on Highway to Heaven

Triple Stumper
    $500 25
(Debora: Ohhh... what is TV Guide?)

Grit

UrsulaDebora
    $500 9
red & blue

Debora
    $500 10
(Alex: You got it.)
(Debora: Yes, I know.)
[Laughter]

ice cream & chocolate

Debora
    $500 16
The Gumball Rally

Debora

Scores at the first commercial break (after clue 12):

Ursula Debora Jim
$100 $2,300 $600

Scores at the end of the Jeopardy! Round:

Ursula Debora Jim
$1,100 $2,600 $1,100

Double Jeopardy! Round responses

THE DEVIL
GO FOR BAROQUE
WEATHER
CIVIL WAR GENERALS
FAMOUS LASTS
HOLLYWOOD
    $200 2
Faust

Jim
    $200 11
father & son

Jim
    $200 24
a scirocco

Debora
    $200 12
Grant

Ursula
    $200 16
Cuba

Jim
    $200 1
Natalie Wood

Debora
    $400 7
Daniel Webster

Debora
    $400 13
(Le) Grand

Debora
    $400 25
[The end-of-round signal sounds.]

Siberia

Jim
    $400 15
(George) Pickett

Debora
    $400 20
witchcraft

Ursula
    $400 3
Under the Elms

Jim
    $600 8
Devil's Island

Debora
    $600 14
(Ursula: What is a harpsichord?)

the organ

UrsulaJim
    $600 17
Lee

Jim
    $600 21
the Tower of London

Ursula
    $1,100 4
the Hollywood Sign

Jim
    $1,000 9
the devil's advocate

Debora
    $800 18
McClellan

Jim
    $800 22
Our American Cousin

Debora
    $800 5
(Jim: Who is Jason Robards?)

Martin Balsam

Jim
Triple Stumper
    $1000 10
Job

Triple Stumper
    $1000 19
(Alex: Unfortunately, he was killed by his own men, [*]... we've got less than a minute to go. )

Thomas "Stonewall" Jackson

Triple Stumper
    $1000 23
a Mughal

Triple Stumper
    $1000 6
(Robert) Stigwood

Ursula

Scores at the end of the Double Jeopardy! Round:

Ursula Debora Jim
$2,700 $6,600 $4,800

[wagering suggestions for these scores]

Final Jeopardy! Round responses

BUSINESS & INDUSTRY
UrsulaWhat are skiing and tennis?
$2,700
JimWhat are Skiing and Tennis?
$4,800
DeboraWhat are skiing & skating? Tennis?
$3,000
skiing & tennis

Final scores:

Ursula Debora Jim
$5,400 $9,600 $9,600
2nd place: trip on Eastern to Bahamas & Windjammer cruise New co-champion: $9,600 New co-champion: $9,600

Game dynamics:

Coryat scores:

Ursula Debora Jim
$2,700 $6,400 $4,800
9 R,
1 W
19 R
(including 1 DD),
2 W
15 R
(including 1 DD),
2 W
(including 1 DD)

Combined Coryat: $13,900

The J! Archive is created by fans, for fans. The Jeopardy! game show and all elements thereof, including but not limited to copyright and trademark thereto, are the property of Jeopardy Productions, Inc. and are protected under law. This website is not affiliated with, sponsored by, or operated by Jeopardy Productions, Inc. Join the discussion at JBoard.tv.